| 000 -LEADER |
| fixed length control field |
00526nam a22001577a 4500 |
| 008 - FIXED-LENGTH DATA ELEMENTS--GENERAL INFORMATION |
| fixed length control field |
120411t xxu||||| |||| 00| 0 eng d |
| 050 ## - LIBRARY OF CONGRESS CALL NUMBER |
| Classification number |
BV 4501.2 |
| Item number |
.S95 I57 |
| 100 ## - MAIN ENTRY--PERSONAL NAME |
| Personal name |
Swindoll, Charles R. |
| 9 (RLIN) |
1408 |
| 245 ## - TITLE STATEMENT |
| Title |
The inspirational writings Charles R. Swindoll. |
| 260 ## - PUBLICATION, DISTRIBUTION, ETC. (IMPRINT) |
| Place of publication, distribution, etc |
New York, NY. |
| Name of publisher, distributor, etc |
Inspirational Press a division of Buddget Book Service, Inc. |
| Date of publication, distribution, etc |
1994. |
| 300 ## - PHYSICAL DESCRIPTION |
| Extent |
501 p. |
| Dimensions |
24 cm. |
| 650 ## - SUBJECT ADDED ENTRY--TOPICAL TERM |
| Topical term or geographic name as entry element |
Christian life. |
| 650 ## - SUBJECT ADDED ENTRY--TOPICAL TERM |
| Topical term or geographic name as entry element |
Interpersonal relatians. |
| 9 (RLIN) |
2376 |
| 650 ## - SUBJECT ADDED ENTRY--TOPICAL TERM |
| Topical term or geographic name as entry element |
Service (theology). |
| 9 (RLIN) |
2377 |
| 942 ## - ADDED ENTRY ELEMENTS (KOHA) |
| Source of classification or shelving scheme |
|
| Item type |
Books |